000 00725nam a2200229 i 4500
001 8078
003 ES-MaACL
005 20230906145357.0
007 t|
008 910624s1986 xxuaf |||| | eng d
020 _a0-226-65731-0
080 _a7.037.03
080 _a7.01
100 1 _aPerloff, Marjorie.
_991294
245 1 4 _aThe futurist moment
_b: avant-garde, avant guerre, and the language of rupture /
_cMarjorie Perloff.
260 _aChicago ;
_aLondon :
_bThe University of Chicago Press,
_c1986.
300 _aXXIII, 288 p., [8] p. de lám. :
_bil. ;
_c24 cm.
500 _aÍndices.
650 1 4 _aFuturismo (Arte)
_9161992
650 1 4 _aEstética-
_yS.XX.
_912540
852 _aES-MaACL
_jL-15237
_z- enc. tela
999 _c8078
_d8078